[Event "DVM U20 2003"]
[Site "Ditzingen GER"]
[Date "2003.12.28"]
[Round "4"]
[White "Frackowiak, Oliver"]
[Black "Friedel, Marcus"]
[Result "1-0"]
[Termination "normal"]
[Board "2.2"]
[WhiteElo "2110"]
[BlackElo "2089"]
[WhiteTeam "Hamburger SK von 1830"]
[BlackTeam "SK Ettlingen"]
[PlyCount "59"]
[WhiteFideId "4677145"]
[BlackFideId "4688708"]
[EventCountry "GER"]
[EventRounds "7"]
[EventType "team-swiss"]
[EventDate "2003.12.26"]

1. e4 e5 2. Nf3 Nc6 3. Bc4 Bc5 4. b4 Bxb4 5. c3 Ba5 6. d4 d6 7. Qb3 Qd7 8. dxe5
dxe5 9. Ba3 Bb6 10. Bb5 Qe6 11. Qxe6+ Bxe6 12. Nxe5 Nge7 13. Bxe7 Kxe7 14. Bxc6
Kd6 15. Bxb7 Rab8 16. Nxf7+ Bxf7 17. Ba6 Ba5 18. O-O Ke5 19. Na3 Kxe4 20. Rfe1+
Kf5 21. Re3 Bd5 22. Rae1 Kf6 23. Bc4 Rhd8 24. Bxd5 Rxd5 25. Nc4 Rf5 26. g4 Rc5
27. Ne5 Rxe5 28. Rxe5 Bxc3 29. Rf5+ Kg6 30. Rc1 1-0

[Event "DVM U20 2003"]
[Site "Ditzingen GER"]
[Date "2003.12.28"]
[Round "4"]
[White "Ehrenfried, Stefan"]
[Black "Stejskal, Hans Christian"]
[Result "1/2-1/2"]
[Termination "normal"]
[Board "2.3"]
[WhiteElo "2136"]
[BlackElo "2119"]
[WhiteTeam "SK Ettlingen"]
[BlackTeam "Hamburger SK von 1830"]
[PlyCount "27"]
[WhiteFideId "4687515"]
[BlackFideId "4685890"]
[EventCountry "GER"]
[EventRounds "7"]
[EventType "team-swiss"]
[EventDate "2003.12.26"]

1. e4 d5 2. exd5 Qxd5 3. Nc3 Qa5 4. d4 c6 5. Nf3 Bf5 6. Bc4 e6 7. Bd2 Qc7 8.
Qe2 Be7 9. O-O-O Nd7 10. Rhe1 O-O-O 11. Ne4 Ngf6 12. Ng3 Bg6 13. Bb3 Rhe8 14.
Ne5 1/2-1/2

[Event "DVM U20 2003"]
[Site "Ditzingen GER"]
[Date "2003.12.28"]
[Round "4"]
[White "Colpe, Helge"]
[Black "Schlippe, Axel"]
[Result "1-0"]
[Termination "normal"]
[Board "2.4"]
[WhiteElo "2092"]
[BlackElo "1994"]
[WhiteTeam "Hamburger SK von 1830"]
[BlackTeam "SK Ettlingen"]
[PlyCount "101"]
[WhiteFideId "4685644"]
[BlackFideId "4683030"]
[EventCountry "GER"]
[EventRounds "7"]
[EventType "team-swiss"]
[EventDate "2003.12.26"]

1. d4 Nf6 2. Nf3 g6 3. c4 Bg7 4. Nc3 O-O 5. e4 d6 6. Be2 e5 7. O-O Nc6 8. d5
Ne7 9. b4 Nh5 10. Re1 f5 11. Nd2 Nf4 12. Bf1 g5 13. c5 fxe4 14. cxd6 Qxd6 15.
Ndxe4 Qd8 16. Bc4 Nf5 17. Nb5 Kh8 18. d6 cxd6 19. Nbxd6 Nxd6 20. Nxd6 Qf6 21.
Ne4 Qg6 22. Qd6 Bf5 23. Qxg6 Bxg6 24. Bb2 Rac8 25. Rac1 h6 26. Nc5 b6 27. Nd7
Rfe8 28. Nxe5 Bxe5 29. Rxe5 Rxe5 30. Bxe5+ Kh7 31. Bg8+ Rxg8 32. Rc7+ Bf7 33.
Rxf7+ Kg6 34. Rf6+ Kh5 35. Bxf4 gxf4 36. Rxf4 Rc8 37. g3 Rc2 38. a4 Ra2 39. b5
Kg5 40. Kg2 Ra3 41. h4+ Kg6 42. g4 Rb3 43. f3 Rb2+ 44. Kg3 Ra2 45. Rc4 Kf6 46.
Kf4 Ke6 47. g5 hxg5+ 48. hxg5 Rh2 49. Re4+ Kf7 50. Kf5 Rg2 51. g6+ 1-0

[Event "DVM U20 2003"]
[Site "Ditzingen GER"]
[Date "2003.12.28"]
[Round "4"]
[White "Fucik, Timo"]
[Black "Stellwagen, Robin"]
[Result "1-0"]
[Termination "normal"]
[Board "2.5"]
[WhiteElo "1831"]
[BlackElo "2054"]
[WhiteTeam "SK Ettlingen"]
[BlackTeam "Hamburger SK von 1830"]
[PlyCount "135"]
[BlackFideId "24601918"]
[EventCountry "GER"]
[EventRounds "7"]
[EventType "team-swiss"]
[EventDate "2003.12.26"]

1. d4 Nf6 2. Bg5 e6 3. e4 Be7 4. Nd2 d5 5. e5 Nfd7 6. Bxe7 Qxe7 7. c3 c5 8.
Ngf3 Nc6 9. Bb5 O-O 10. O-O a6 11. Bd3 c4 12. Bc2 b5 13. a3 a5 14. Ne1 Ba6 15.
f4 f5 16. exf6 Rxf6 17. g4 b4 18. g5 Rf5 19. Bxf5 exf5 20. Qf3 Nb6 21. axb4
axb4 22. Nc2 b3 23. Ne3 Qd7 24. Rfe1 Bb7 25. Rxa8+ Bxa8 26. g6 hxg6 27. Qg3 Ne7
28. Nf3 Na4 29. Ne5 Qd6 30. Ra1 Bc6 31. Qg2 Bb5 32. Rb1 Nb6 33. Nf1 Nd7 34. Nd2
Nxe5 35. dxe5 Qb6+ 36. Qf2 Qxf2+ 37. Kxf2 g5 38. fxg5 Ng6 39. Nf3 Nf4 40. Ke3
Nd3 41. Kd4 Bc6 42. Ne1 Nf4 43. Kc5 Be8 44. h4 Bh5 45. Kd6 Bf7 46. Ra1 Kh7 47.
Ke7 Bh5 48. e6 d4 49. cxd4 c3 50. Kd6 Ne2 51. bxc3 Nxc3 52. Nd3 f4 53. Nxf4 b2
54. g6+ Kh6 55. Ra8 Nb5+ 56. Kc5 Bxg6 57. Rh8+ Bh7 58. e7 b1=Q 59. e8=Q Qf5+
60. Qe5 Nxd4 61. Kxd4 Qd7+ 62. Ke3 Qa7+ 63. Kf3 Qb7+ 64. Kg3 Qb3+ 65. Kg4 Qd1+
66. Ne2 Qd7+ 67. Kf3 Qb7+ 68. Kf2 1-0

[Event "DVM U20 2003"]
[Site "Ditzingen GER"]
[Date "2003.12.28"]
[Round "4"]
[White "Möller, Hendrik"]
[Black "Mader, Michael"]
[Result "1/2-1/2"]
[Termination "normal"]
[Board "2.6"]
[WhiteElo "2105"]
[BlackElo "2079"]
[WhiteTeam "Hamburger SK von 1830"]
[BlackTeam "SK Ettlingen"]
[PlyCount "68"]
[WhiteFideId "24604917"]
[BlackFideId "4696913"]
[EventCountry "GER"]
[EventRounds "7"]
[EventType "team-swiss"]
[EventDate "2003.12.26"]

1. e4 e5 2. Nf3 Nc6 3. Bb5 a6 4. Bxc6 dxc6 5. O-O Bg4 6. h3 h5 7. d3 c5 8. Be3
Bd6 9. Nbd2 Be6 10. a3 Nf6 11. Bg5 Qd7 12. Nh2 O-O-O 13. Qe2 Rdg8 14. Bxf6 gxf6
15. Kh1 f5 16. Rg1 f6 17. Rad1 Bf8 18. Qf3 f4 19. Qe2 Bd6 20. Ndf3 Bg4 21. c3
f5 22. Qc2 fxe4 23. dxe4 Qe7 24. Rb1 Bd7 25. c4 Bc6 26. Rbe1 Rg6 27. b3 Rhg8
28. Qc3 Rh8 29. Re2 b5 30. Nd2 Bd7 31. Nhf3 Rhg8 32. Ree1 Rh8 33. Ra1 b4 34.
Qc2 Kb7 1/2-1/2

[Event "DVM U20 2003"]
[Site "Ditzingen GER"]
[Date "2003.12.28"]
[Round "4"]
[White "Hellwig, Tobias"]
[Black "Häcker, Alexander"]
[Result "1/2-1/2"]
[Termination "normal"]
[Board "3.1"]
[WhiteElo "2054"]
[BlackElo "2245"]
[WhiteTeam "SF Hettstedt"]
[BlackTeam "SV Wolfbusch"]
[PlyCount "123"]
[WhiteFideId "4695429"]
[BlackFideId "4678214"]
[EventCountry "GER"]
[EventRounds "7"]
[EventType "team-swiss"]
[EventDate "2003.12.26"]

1. d4 d5 2. c4 e6 3. Nc3 Nf6 4. Bg5 Nbd7 5. e3 c6 6. cxd5 exd5 7. Bd3 Be7 8.
Nge2 O-O 9. Rc1 Re8 10. O-O Ne4 11. Bf4 Bg5 12. Nxe4 dxe4 13. Bxg5 Qxg5 14. Bc4
Nb6 15. Bb3 Bg4 16. Qd2 Rad8 17. Nf4 Qh6 18. h3 Bc8 19. Qe2 Rd6 20. Qh5 Qxh5
21. Nxh5 Nd5 22. Bxd5 Rxd5 23. Nf4 Rb5 24. Rc2 Be6 25. Nxe6 Rxe6 26. Rfc1 Kf8
27. b3 Ke7 28. Kf1 Kd6 29. Ke2 Rg6 30. g3 Rf6 31. Rc5 Rf5 32. Rxf5 Rxf5 33. h4
a5 34. Rc2 Rb5 35. f3 Kd5 36. Rc4 f5 37. f4 Kd6 38. Kd2 b6 39. Rc2 a4 40. Kc3
axb3 41. axb3 Ra5 42. Rg2 Ra1 43. g4 fxg4 44. Rxg4 g6 45. h5 gxh5 46. Rg7 Rd1
47. Rxh7 Rd3+ 48. Kc4 b5+ 49. Kb4 Rxe3 50. Rxh5 Rd3 51. Re5 Rxd4+ 52. Kc3 c5
53. Re8 Kd5 54. Re5+ Kd6 55. Re8 b4+ 56. Kc2 Kd7 57. Re5 c4 58. bxc4 Rxc4+ 59.
Kb3 Rd4 60. f5 Kd6 61. Re8 Kd7 62. Re5 1/2-1/2

[Event "DVM U20 2003"]
[Site "Ditzingen GER"]
[Date "2003.12.28"]
[Round "4"]
[White "Mijatovic, Vladimir"]
[Black "Wilke, Matthias"]
[Result "1/2-1/2"]
[Termination "normal"]
[Board "3.2"]
[WhiteElo "2126"]
[BlackElo "2033"]
[WhiteTeam "SV Wolfbusch"]
[BlackTeam "SF Hettstedt"]
[PlyCount "76"]
[WhiteFideId "934062"]
[EventCountry "GER"]
[EventRounds "7"]
[EventType "team-swiss"]
[EventDate "2003.12.26"]

1. e4 e6 2. Nf3 d5 3. Nc3 Nf6 4. e5 Nfd7 5. d4 c5 6. dxc5 Nc6 7. Bf4 Bxc5 8.
Bd3 a6 9. a3 b5 10. O-O Bb7 11. Re1 h6 12. Bg3 Nb6 13. Qc1 Qc7 14. Qf4 Nc4 15.
Qg4 O-O-O 16. Bxc4 bxc4 17. b4 h5 18. Qf4 g5 19. Qxg5 Ba7 20. b5 Nd4 21. bxa6
Nxf3+ 22. gxf3 Bxa6 23. Qf4 Rdg8 24. h4 Rg7 25. Ne2 Qc5 26. Kh2 Rhg8 27. c3 Qa5
28. Kh3 Bb5 29. Nd4 Ba4 30. Rab1 Bxd4 31. Qxd4 Bb3 32. Rec1 Kc7 33. Bf4 Qb6 34.
Qxb6+ Kxb6 35. Be3+ Kc6 36. a4 Ra8 37. Rg1 Rxg1 38. Rxg1 Bc2 1/2-1/2

[Event "DVM U20 2003"]
[Site "Ditzingen GER"]
[Date "2003.12.28"]
[Round "4"]
[White "Schalk, Martin"]
[Black "Häcker, Sonja"]
[Result "1/2-1/2"]
[Termination "normal"]
[Board "3.3"]
[WhiteElo "1982"]
[BlackElo "2028"]
[WhiteTeam "SF Hettstedt"]
[BlackTeam "SV Wolfbusch"]
[PlyCount "53"]
[BlackFideId "4680928"]
[EventCountry "GER"]
[EventRounds "7"]
[EventType "team-swiss"]
[EventDate "2003.12.26"]

1. e4 c5 2. Nf3 Nc6 3. d4 cxd4 4. Nxd4 Nf6 5. Nc3 d6 6. Be2 e5 7. Nb3 Be7 8.
O-O O-O 9. Be3 Be6 10. Bf3 a5 11. Qe2 Nb4 12. a3 Na6 13. Rfd1 Nc7 14. Bb6 a4
15. Nb5 Nfe8 16. Nc5 Qc8 17. Bxc7 Nxc7 18. Nxd6 Qb8 19. Nxe6 Nxe6 20. Nf5 Bc5
21. c3 Qa7 22. g3 Qb6 23. Rd3 Rfd8 24. Rad1 g6 25. Ne3 Bxe3 26. fxe3 Rxd3 27.
Rxd3 1/2-1/2

[Event "DVM U20 2003"]
[Site "Ditzingen GER"]
[Date "2003.12.28"]
[Round "4"]
[White "Niethammer, Christoph"]
[Black "Krege, Sandra"]
[Result "0-1"]
[Termination "normal"]
[Board "3.4"]
[WhiteElo "1982"]
[BlackElo "1916"]
[WhiteTeam "SV Wolfbusch"]
[BlackTeam "SF Hettstedt"]
[PlyCount "54"]
[WhiteFideId "4694325"]
[BlackFideId "4680910"]
[EventCountry "GER"]
[EventRounds "7"]
[EventType "team-swiss"]
[EventDate "2003.12.26"]

1. f4 Nf6 2. Nf3 g6 3. g3 Bg7 4. Bg2 d6 5. O-O O-O 6. d3 c5 7. e4 Nc6 8. Nbd2
Rb8 9. a4 b6 10. Nh4 Bg4 11. Ndf3 Qd7 12. Rf2 Rbd8 13. Qf1 Nh5 14. Kh1 Nd4 15.
Ra3 a6 16. c3 Nc6 17. Bd2 b5 18. axb5 axb5 19. b4 cxb4 20. cxb4 Ra8 21. Qc1
Rxa3 22. Qxa3 Qb7 23. Bc3 Ra8 24. Qb2 Be6 25. Qc1 Nxb4 26. Ne1 Na2 27. Rxa2
Rxa2 0-1

[Event "DVM U20 2003"]
[Site "Ditzingen GER"]
[Date "2003.12.28"]
[Round "4"]
[White "Nichelmann, Nils"]
[Black "Naß, Walter Robert"]
[Result "0-1"]
[Termination "normal"]
[Board "3.5"]
[WhiteElo "2028"]
[BlackElo "1844"]
[WhiteTeam "SF Hettstedt"]
[BlackTeam "SV Wolfbusch"]
[PlyCount "68"]
[WhiteFideId "4687256"]
[BlackFideId "24607215"]
[EventCountry "GER"]
[EventRounds "7"]
[EventType "team-swiss"]
[EventDate "2003.12.26"]

1. e4 c5 2. Nf3 d6 3. d4 cxd4 4. Nxd4 Nf6 5. Nc3 a6 6. Be2 e6 7. Be3 Be7 8. Qd2
Qc7 9. Bf3 Nc6 10. O-O Ne5 11. b3 b5 12. a4 b4 13. Na2 Bb7 14. Nxb4 Bxe4 15.
Be2 Bb7 16. f3 O-O 17. Nd3 Nxd3 18. Bxd3 Nd5 19. Bf2 Nc3 20. b4 Bf6 21. Ra3
Rfc8 22. Ne2 Bd5 23. Nf4 Qb7 24. Nxd5 Qxd5 25. a5 Qc6 26. Rb3 h6 27. Qf4 Bg5
28. Qd4 Bf6 29. Qf4 Qd5 30. Rxc3 Bxc3 31. Be4 Qc4 32. Bc5 d5 33. Be7 Bd4+ 34.
Kh1 Qxf1# 0-1

[Event "DVM U20 2003"]
[Site "Ditzingen GER"]
[Date "2003.12.28"]
[Round "4"]
[White "Willems, Sebastian"]
[Black "Kunth, Andreas"]
[Result "0-1"]
[Termination "normal"]
[Board "3.6"]
[WhiteElo "1500"]
[BlackElo "1903"]
[WhiteTeam "SV Wolfbusch"]
[BlackTeam "SF Hettstedt"]
[PlyCount "40"]
[EventCountry "GER"]
[EventRounds "7"]
[EventType "team-swiss"]
[EventDate "2003.12.26"]

1. c4 e6 2. Nc3 d5 3. cxd5 exd5 4. g3 c6 5. d3 Bd6 6. Nf3 Nd7 7. Bg2 Ne5 8.
Nxe5 Bxe5 9. O-O Nf6 10. Bd2 Be6 11. a3 Qd7 12. Re1 Bh3 13. Bh1 h5 14. Qc2 h4
15. e4 hxg3 16. fxg3 Bd4+ 17. Be3 Bxe3+ 18. Rxe3 d4 19. Re2 dxc3 20. e5 Qd4+
0-1

[Event "DVM U20 2003"]
[Site "Ditzingen GER"]
[Date "2003.12.28"]
[Round "4"]
[White "Klinger, Sebastian"]
[Black "Hörr, Matthias"]
[Result "1-0"]
[Termination "normal"]
[Board "4.1"]
[WhiteElo "2146"]
[BlackElo "2055"]
[WhiteTeam "TuS Geretsried"]
[BlackTeam "SK König Plauen"]
[PlyCount "83"]
[WhiteFideId "4667549"]
[BlackFideId "4681398"]
[EventCountry "GER"]
[EventRounds "7"]
[EventType "team-swiss"]
[EventDate "2003.12.26"]

1. d4 g6 2. Nf3 Bg7 3. Bf4 d6 4. Nbd2 Nf6 5. e4 O-O 6. c3 c5 7. dxc5 dxc5 8.
Bc4 Nc6 9. O-O Bg4 10. h3 Bxf3 11. Qxf3 Nh5 12. Be3 Ne5 13. Qe2 Nxc4 14. Qxc4
b6 15. Rfd1 Qc7 16. Nf3 Rfd8 17. b4 Qc6 18. e5 Bh8 19. bxc5 bxc5 20. Qxc5 Qe6
21. Qa5 Rd7 22. Rd4 f6 23. Rad1 Rxd4 24. Rxd4 fxe5 25. Rd8+ Rxd8 26. Qxd8+ Kg7
27. Nxe5 Nf6 28. Bd4 h6 29. Nd7 Qd6 30. Qf8+ Kh7 31. Nxf6+ Bxf6 32. Bxf6 Qd1+
33. Kh2 Qd6+ 34. g3 Qxf6 35. Qxf6 exf6 36. Kg2 Kg7 37. Kf3 Kf7 38. Ke4 Ke6 39.
c4 Kd6 40. Kd4 a5 41. c5+ Kc6 42. a4 1-0

[Event "DVM U20 2003"]
[Site "Ditzingen GER"]
[Date "2003.12.28"]
[Round "4"]
[White "Engelhardt, Etienne"]
[Black "Motl, Martin"]
[Result "0-1"]
[Termination "normal"]
[Board "4.2"]
[WhiteElo "1832"]
[BlackElo "2160"]
[WhiteTeam "SK König Plauen"]
[BlackTeam "TuS Geretsried"]
[PlyCount "82"]
[WhiteFideId "4687213"]
[BlackFideId "4667522"]
[EventCountry "GER"]
[EventRounds "7"]
[EventType "team-swiss"]
[EventDate "2003.12.26"]

1. e4 c5 2. c3 d6 3. d4 Nf6 4. Bd3 g6 5. Nf3 Bg7 6. O-O O-O 7. h3 Qc7 8. Qe2 a6
9. Bf4 b5 10. dxc5 Qxc5 11. Nbd2 Bb7 12. Nb3 Qb6 13. Rfe1 Nc6 14. Qe3 Qxe3 15.
Bxe3 Nd7 16. Bf4 Rfc8 17. a3 Rab8 18. Rad1 Ba8 19. Nfd4 Nce5 20. Nc2 Nc4 21.
Rb1 Ndb6 22. f3 Na4 23. Bc1 Kf8 24. Ncd4 d5 25. Kf2 e5 26. Nc2 Nd6 27. Nb4 dxe4
28. Bxe4 Nxe4+ 29. fxe4 Rb6 30. g3 Rf6+ 31. Kg2 Rd6 32. Kf2 Rcd8 33. Bd2 Rxd2+
34. Nxd2 Rxd2+ 35. Kf3 f5 36. g4 Bxe4+ 37. Rxe4 fxe4+ 38. Kxe4 Nc5+ 39. Ke3
Bh6+ 40. Kf3 Bf4 41. Re1 g5 0-1

[Event "DVM U20 2003"]
[Site "Ditzingen GER"]
[Date "2003.12.28"]
[Round "4"]
[White "Herzog, Matthias"]
[Black "Pfeufer, Lion"]
[Result "0-1"]
[Termination "normal"]
[Board "4.3"]
[WhiteElo "1962"]
[BlackElo "2015"]
[WhiteTeam "TuS Geretsried"]
[BlackTeam "SK König Plauen"]
[PlyCount "80"]
[WhiteFideId "4698541"]
[BlackFideId "4681444"]
[EventCountry "GER"]
[EventRounds "7"]
[EventType "team-swiss"]
[EventDate "2003.12.26"]

1. e4 c5 2. Nf3 Nc6 3. d4 cxd4 4. Nxd4 Nf6 5. Nc3 d6 6. Be2 e6 7. O-O Be7 8. f4
a6 9. a4 Bd7 10. Be3 Qc7 11. Nb3 O-O 12. Bf3 Rac8 13. Kh1 Nb4 14. g4 Bc6 15. g5
Nd7 16. a5 Nc5 17. Qd2 Rfd8 18. Bg2 Rd7 19. f5 Nxb3 20. cxb3 exf5 21. Bb6 Qb8
22. Nd5 Nxd5 23. exd5 Bb5 24. Rxf5 Bd8 25. Bd4 Re7 26. Bc3 Bc7 27. Qd4 Re5 28.
Rg1 Bxa5 29. Rf3 Bxc3 30. bxc3 Bd7 31. Bh3 Qc7 32. Bf1 Bf5 33. Rxf5 Rxf5 34.
Bd3 Re5 35. Qh4 g6 36. c4 Qc5 37. Qg4 Rce8 38. Rf1 Re1 39. Qg3 Qb4 40. h4 Qd2
0-1

[Event "DVM U20 2003"]
[Site "Ditzingen GER"]
[Date "2003.12.28"]
[Round "4"]
[White "Butzke, Daniel"]
[Black "Klinger, Stefan"]
[Result "1-0"]
[Termination "normal"]
[Board "4.4"]
[WhiteElo "1965"]
[BlackElo "1699"]
[WhiteTeam "SK König Plauen"]
[BlackTeam "TuS Geretsried"]
[PlyCount "59"]
[WhiteFideId "4690028"]
[EventCountry "GER"]
[EventRounds "7"]
[EventType "team-swiss"]
[EventDate "2003.12.26"]

1. e4 e6 2. d4 d5 3. exd5 exd5 4. Bd3 Bd6 5. Ne2 Bg4 6. f3 Bh5 7. Bf4 Nc6 8. c3
Qh4+ 9. Bg3 Bxg3+ 10. Nxg3 O-O-O 11. O-O Bg6 12. Re1 Nge7 13. Na3 f5 14. Nc2 f4
15. Nh1 Nf5 16. Qd2 Rhe8 17. Nf2 Qh6 18. Ng4 Qg5 19. Rxe8 Rxe8 20. h3 Nh4 21.
Re1 Rxe1+ 22. Nxe1 h5 23. Nf2 Bxd3 24. Nfxd3 Ng6 25. Qe2 b6 26. Nc2 Nce7 27.
Ncb4 a5 28. Nc2 Nh4 29. Ne5 Nef5 30. Qa6+ 1-0

[Event "DVM U20 2003"]
[Site "Ditzingen GER"]
[Date "2003.12.28"]
[Round "4"]
[White "Klinger, Severin"]
[Black "Hörr, Christian"]
[Result "0-1"]
[Termination "normal"]
[Board "4.5"]
[WhiteElo "1530"]
[BlackElo "1779"]
[WhiteTeam "TuS Geretsried"]
[BlackTeam "SK König Plauen"]
[PlyCount "100"]
[EventCountry "GER"]
[EventRounds "7"]
[EventType "team-swiss"]
[EventDate "2003.12.26"]

1. d4 Nf6 2. Nf3 d6 3. Bf4 g6 4. Nbd2 Bg7 5. e4 Nbd7 6. Bd3 O-O 7. O-O Nh5 8.
Bg3 Nxg3 9. hxg3 e5 10. dxe5 Nxe5 11. Nxe5 Bxe5 12. c3 h5 13. Nc4 Bg7 14. f4 d5
15. exd5 Qxd5 16. Qf3 Be6 17. Qxd5 Bxd5 18. Nd2 Rad8 19. Nf3 a6 20. Bc2 Rd6 21.
Bb3 Bxb3 22. axb3 Rfd8 23. Rfe1 Bf8 24. b4 f6 25. Nd4 Kf7 26. Kf1 Rb6 27. Re2
Bxb4 28. Rae1 Rxd4 29. cxb4 Rd7 30. Re4 f5 31. Rc4 Rbd6 32. Rec1 c6 33. Ke2
Rd2+ 34. Kf1 Rxb2 35. R1c2 Rxc2 36. Rxc2 Rd4 37. Rb2 Ke6 38. Kf2 Kd5 39. Ke3
Re4+ 40. Kf3 Rc4 41. Rd2+ Rd4 42. Rb2 Kc4 43. Re2 Rd3+ 44. Kf2 Kxb4 45. Re6 a5
46. Rxg6 a4 47. Rh6 a3 48. Rxh5 Rd1 49. Rxf5 a2 50. Kf3 a1=Q 0-1

[Event "DVM U20 2003"]
[Site "Ditzingen GER"]
[Date "2003.12.28"]
[Round "4"]
[White "Franz, Tobias"]
[Black "Vintan, Cristina-Mihaela"]
[Result "1-0"]
[Termination "normal"]
[Board "4.6"]
[WhiteElo "1714"]
[BlackElo "1435"]
[WhiteTeam "SK König Plauen"]
[BlackTeam "TuS Geretsried"]
[PlyCount "89"]
[EventCountry "GER"]
[EventRounds "7"]
[EventType "team-swiss"]
[EventDate "2003.12.26"]

1. e4 c5 2. Nf3 Nc6 3. d4 cxd4 4. Nxd4 Nf6 5. Nc3 e5 6. Ndb5 d6 7. Bg5 a6 8.
Bxf6 gxf6 9. Na3 b5 10. Nd5 f5 11. Bd3 Be6 12. Qh5 Bg7 13. c3 O-O 14. exf5 Bxd5
15. f6 e4 16. fxg7 Re8 17. Be2 Re5 18. Qh6 Rg5 19. O-O-O Be6 20. Rxd6 Qxd6 21.
Qxg5 Bxa2 22. Nc2 Qg6 23. Qxg6 hxg6 24. Rd1 Rd8 25. Rxd8+ Nxd8 26. Nb4 Bc4 27.
Bxc4 bxc4 28. Nxa6 Nb7 29. Kc2 Nd6 30. Nc5 Kxg7 31. b3 cxb3+ 32. Nxb3 Kf6 33.
Kd2 Ke5 34. Nd4 Kd5 35. Ke3 Ke5 36. Nb3 Nc4+ 37. Ke2 Kd5 38. Nd2 Ne5 39. h3 f5
40. Ke3 Nd3 41. g3 Ke5 42. f4+ Kd5 43. g4 fxg4 44. hxg4 Nc5 45. c4+ 1-0

[Event "DVM U20 2003"]
[Site "Ditzingen GER"]
[Date "2003.12.28"]
[Round "4"]
[White "Koch, Moritz"]
[Black "Litwak, Aleksej"]
[Result "1-0"]
[Termination "normal"]
[Board "5.1"]
[WhiteElo "2230"]
[BlackElo "2167"]
[WhiteTeam "SV Puschendorf"]
[BlackTeam "SF Berghofen-Wambel"]
[PlyCount "55"]
[WhiteFideId "4678460"]
[BlackFideId "4677617"]
[EventCountry "GER"]
[EventRounds "7"]
[EventType "team-swiss"]
[EventDate "2003.12.26"]

1. e4 c5 2. Nc3 e6 3. g3 Nc6 4. Bg2 g6 5. d3 Bg7 6. f4 Nge7 7. Nf3 O-O 8. O-O
d6 9. Be3 Nd4 10. Qd2 Nec6 11. Rae1 Rb8 12. Qf2 b5 13. e5 dxe5 14. Nxe5 Nxe5
15. fxe5 Bxe5 16. Ne4 Bb7 17. c3 Bxe4 18. Bxe4 Nf5 19. Bxc5 Bd6 20. Bxa7 Rc8
21. Bb7 Rc7 22. Bb6 e5 23. Be4 Ne7 24. Bxc7 Bxc7 25. Qf6 Bb6+ 26. Kg2 Qc7 27.
g4 Nc8 28. h4 1-0

[Event "DVM U20 2003"]
[Site "Ditzingen GER"]
[Date "2003.12.28"]
[Round "4"]
[White "Mass, Elvira"]
[Black "Lauer, Moritz"]
[Result "0-1"]
[Termination "normal"]
[Board "5.2"]
[WhiteElo "1985"]
[BlackElo "2191"]
[WhiteTeam "SF Berghofen-Wambel"]
[BlackTeam "SV Puschendorf"]
[PlyCount "86"]
[WhiteFideId "4695623"]
[BlackFideId "4678354"]
[EventCountry "GER"]
[EventRounds "7"]
[EventType "team-swiss"]
[EventDate "2003.12.26"]

1. e4 d5 2. exd5 Nf6 3. d4 Nxd5 4. c4 Nb6 5. Nc3 e5 6. dxe5 Qxd1+ 7. Nxd1 Nc6
8. Nf3 Bg4 9. Bf4 Bxf3 10. gxf3 Nd4 11. Rc1 Nxf3+ 12. Ke2 Nd4+ 13. Ke1 O-O-O
14. Bh3+ Kb8 15. Ne3 g5 16. Bg3 Bg7 17. c5 Nd7 18. Bxd7 Rxd7 19. Kf1 Nc6 20.
Nc4 Re8 21. h4 g4 22. Rg1 h5 23. Re1 Bf8 24. a3 Bxc5 25. b4 Bb6 26. Kg2 Kc8 27.
Re2 f6 28. Rge1 fxe5 29. Nxe5 Rde7 30. Kf1 Nxe5 31. Rxe5 Rxe5 32. Bxe5 c6 33.
Re2 Bd8 34. Bg3 Rxe2 35. Kxe2 Kd7 36. Ke3 Ke6 37. Kd4 b6 38. Kc4 a6 39. a4 Be7
40. b5 axb5+ 41. axb5 cxb5+ 42. Kxb5 Bc5 43. Kc4 Bd6 0-1

[Event "DVM U20 2003"]
[Site "Ditzingen GER"]
[Date "2003.12.28"]
[Round "4"]
[White "Lowitz, Torsten"]
[Black "Strathoff, Martin"]
[Result "1-0"]
[Termination "normal"]
[Board "5.3"]
[WhiteElo "2134"]
[BlackElo "1866"]
[WhiteTeam "SV Puschendorf"]
[BlackTeam "SF Berghofen-Wambel"]
[PlyCount "97"]
[WhiteFideId "4681924"]
[BlackFideId "24609560"]
[EventCountry "GER"]
[EventRounds "7"]
[EventType "team-swiss"]
[EventDate "2003.12.26"]

1. e4 c5 2. Nf3 Nc6 3. Bb5 g6 4. Bxc6 dxc6 5. d3 Bg7 6. h3 e5 7. Nc3 Ne7 8. Be3
b6 9. Qd2 O-O 10. Bh6 f6 11. O-O-O Be6 12. g4 c4 13. Bxg7 Kxg7 14. d4 exd4 15.
Nxd4 Bf7 16. g5 Qd6 17. Qe3 fxg5 18. Nf5+ Nxf5 19. exf5 Qf4 20. Qxf4 gxf4 21.
Rd7 Rfd8 22. Rhd1 Rxd7 23. Rxd7 gxf5 24. Ne2 c5 25. Nxf4 Kf6 26. Kd2 h5 27. Ke3
Re8+ 28. Kf3 Re7 29. Rxe7 Kxe7 30. Ne2 Kf6 31. Kf4 h4 32. Nc3 Be6 33. Nd1 b5
34. c3 Bd5 35. f3 a5 36. Ne3 Be6 37. Ng2 a4 38. a3 Bf7 39. Nxh4 Be6 40. Ng2 Bd7
41. Ne3 Be6 42. h4 b4 43. h5 bxa3 44. bxa3 Bf7 45. h6 Kg6 46. h7 Kxh7 47. Kxf5
Kg7 48. Ke5 Kf8 49. Kd6 1-0

[Event "DVM U20 2003"]
[Site "Ditzingen GER"]
[Date "2003.12.28"]
[Round "4"]
[White "Grofig, Patrick"]
[Black "Moyles-Johnson, Yannick"]
[Result "1-0"]
[Termination "normal"]
[Board "5.4"]
[WhiteElo "2116"]
[BlackElo "1587"]
[WhiteTeam "SF Berghofen-Wambel"]
[BlackTeam "SV Puschendorf"]
[PlyCount "63"]
[WhiteFideId "24605654"]
[EventCountry "GER"]
[EventRounds "7"]
[EventType "team-swiss"]
[EventDate "2003.12.26"]

1. Nf3 Nc6 2. d4 d5 3. c4 e6 4. Nc3 Nf6 5. Bg5 Be7 6. e3 O-O 7. Rc1 a6 8. a3
Re8 9. b4 dxc4 10. Bxc4 b5 11. Bb3 Bb7 12. O-O Nd7 13. Bxe7 Nxe7 14. Ng5 Nd5
15. Qh5 Nf8 16. Qxf7+ Kh8 17. Bxd5 Bxd5 18. Nxd5 exd5 19. Qf4 Qf6 20. Nf7+ Kg8
21. Qxf6 gxf6 22. Rxc7 Ne6 23. Nh6+ Kh8 24. Rc3 Rec8 25. Rfc1 Rxc3 26. Rxc3 Ra7
27. Nf5 Rc7 28. Rxc7 Nxc7 29. Kf1 Kg8 30. Ke2 Kf7 31. Nd6+ Ke6 32. Nb7 1-0